Research methods in public administration (Record no. 394501)

MARC details
000 -LEADER
fixed length control field 00503 a2200181 4500
005 - DATE & TIME
control field 20260116141523.0
008 - FIXED-LENGTH DATA ELEMENTS--GENERAL INFORMATION
fixed length control field 260116b |||||||| |||| 00| 0 eng d
020 ## - ISBN
International Standard Book Number 9789369677887
Price Rs. 4995.00
040 ## - CATALOGING SOURCE
Original cataloging agency VIVEKANANDA LIBRARY
082 ## - DDC NUMBER
Classification number 350.00072
Book Number R137R
100 ## - MAIN ENTRY--PERSONAL NAME
Personal name Ranjan, Kumud
245 ## - TITLE STATEMENT
Title Research methods in public administration
260 ## - PUBLICATION, DISTRIBUTION, ETC. (IMPRINT)
Name of publisher, distributor, etc Scientific Books International
Date of publication, distribution, etc 2026
Place of publication, distribution, etc New Delhi
300 ## - PHYSICAL DESCRIPTION
Pages v, 278
650 ## - Subject
Subject Public Administration
650 ## - Subject
Subject Research Methods
942 ## - ADDED ENTRY ELEMENTS (KOHA)
Koha item type Books
Holdings
Withdrawn status Lost status Source of classification or shelving scheme Damaged status Not for loan Location (home branch) Sublocation or collection (holding branch) Shelving location Date acquired Koha issues (times borrowed) Koha full call number Accession No. Koha date last seen Koha item type
    Dewey Decimal Classification     VIVEKANANDA LIBRARY VIVEKANANDA LIBRARY Vivekananda Library 24/12/2025   350.00072 R137R 443812 24/12/2025 Books
© Designed and Maintained by Vivekananda Library, MDU Rohtak